Gdzie nigdy NIE grał ten piłkarz #2 - Statystyki

Ogólne statystyki
  • Ten quiz został rozwiązany 1 486 razy
  • Średni wynik to 7 z 15
Statystyki odpowiedzi
Zagadnienie Odpowiedź % Poprawnych
Gdzie nigdy NIE grał Éric Abidal PAOK
88%
Gdzie nigdy NIE grał Gianluigi Buffon Bologna
75%
Gdzie nigdy NIE grał Luka Modric Hajduk Split
63%
Gdzie nigdy NIE grał Kamil Glik Pogoń Szczecin
58%
Gdzie nigdy NIE grał Douglas Costa Athletico Paranaense
54%
Gdzie nigdy NIE grał Alexandre Pato West Ham
54%
Gdzie nigdy NIE grał Sławomir Peszko Zawisza Bydgoszcz
50%
Gdzie nigdy NIE grał Nani Boavista
38%
Gdzie nigdy NIE grał Dany Ings Watford
38%
Gdzie nigdy NIE grał Jerome Boateng TSG 1899 Hoffenheim
33%
Gdzie nigdy NIE grał Mariusz Jop Wisła Płock
33%
Gdzie nigdy NIE grał Rafał Gikiewicz GKS Katowice
29%
Gdzie nigdy NIE grał Ronaldinho Internacional Porto Alegre
29%
Gdzie nigdy NIE grał Przemysław Tytoń Málaga CF
25%
Gdzie nigdy NIE grał Shinji Kagawa Kashiwa Reysol
13%
Nie znaleziono quizów pasujących do podanych kryteriów
Rozkład punktacji
Procent ludzi z każdym wynikiem
Percentyl według liczby udzielonych odpowiedzi
Twoja historia wyników
Nie rozwiązałeś tego quizu